El mercado de la virtud (Registro nro. 5693)

Detalles MARC
000 -LEADER
fixed length control field 00975 a2200217 4500
001 - CONTROL NUMBER
control field 54619
005 - DATE AND TIME OF LATEST TRANSACTION
control field 20260407155820.0
008 - FIXED-LENGTH DATA ELEMENTS--GENERAL INFORMATION
fixed length control field 260407a1998 arg spa d
003 - CONTROL NUMBER IDENTIFIER
control field AR-UNSa-BCEJYS
040 ## - CATALOGING SOURCE
Original cataloging agency AR-UNSa-BCEJYS
Language of cataloging spa
Transcribing agency AR-UNSa-BCEJYS
080 ## - UNIVERSAL DECIMAL CLASSIFICATION NUMBER
Universal Decimal Classification number 327
Common auxiliary subdivision Relaciones internacionales. Política internacional. Asuntos internacionales. Política exterior<br/>
020 ## - INTERNATIONAL STANDARD BOOK NUMBER
International Standard Book Number 84-7432-612-5
100 1# - MAIN ENTRY--PERSONAL NAME
Personal name Baurmann, Michael
245 10 - TITLE STATEMENT
Title El mercado de la virtud
Name of part/section of a work moral y responsabilidad social en la sociedad liberal
264 #1 - PRODUCTION, PUBLICATION, DISTRIBUTION, MANUFACTURE, AND COPYRIGHT NOTICE
Place of production, publication, distribution, manufacture Barcelona :
Name of producer, publisher, distributor, manufacturer Gedisa
Date of production, publication, distribution, manufacture, or copyright notice 1998
300 ## - PHYSICAL DESCRIPTION
Extent 270 p.
Dimensions 19,5 cm.
505 ## - FORMATTED CONTENTS NOTE
Formatted contents note 1. Introducción: una visión al liberalismo – 2. Maximización de utilidad y sujeción normativa – 3. Sujeción normativa y surgimiento de las normas – 4. Simulación y confianza – 5. Punto de vista moral e identidad moral – 6. El mercado de la virtud.
590 ## - LOCAL NOTE (RLIN)
Local note niveau_biblio:m niveau_hierar:0
700 1# - ADDED ENTRY--PERSONAL NAME
Personal name Garzón Valdés, Ernesto
942 ## - ADDED ENTRY ELEMENTS (KOHA)
Koha item type
Existencias
Withdrawn status Lost status Damaged status Not for loan Home library Current library Shelving location Date acquired Total checkouts Full call number Barcode Date last seen Price effective from Koha item type
        Biblioteca Prof. Eusebio Cleto del Rey Biblioteca Prof. Eusebio Cleto del Rey   07/04/2026   327 B351 L85657 07/04/2026 07/04/2026 Libro